000 nam a22 a 4500
999 _c642
_d642
003 AKMAL
005 20170504141929.0
008 1 s1998 my 00 may d
020 _a9676902780 (kkt.):
_cRM22.10
040 _aAKMAL
082 0 4 _a158.1 SWE
090 0 0 _a158.1
_bSWE
100 1 _aSweetland, Ben
_91376
245 1 0 _aSaya boleh /
_cBen Sweetland ; penterjemah Zarina Musa
260 _aBatu Caves, Selangor :
_bThinker's Library,
_c1998
300 0 0 _avii, 257ms. ;
_c23cm
500 _aTerjemahan dari: [I will by Ben Sweetland]
650 0 _aSuccess
_92
700 0 _aZarina Musa
_91377
700 0 _aBaharuddin Ayudin
_91378
942 _2ddc
_cBOOK